[Event "Calvia Amateur op 16th"]
[Site "Calvia"]
[Date "2019.10.10"]
[Round "6"]
[White "Aguado Doncel, Pablo Luis"]
[Black "Rosell, Sven"]
[Result "1-0"]
[WhiteElo "2037"]
[BlackElo "1943"]
[PlyCount "65"]
[EventDate "2019.10.05"]
[EventType "swiss"]
[EventRounds "9"]
[EventCountry "ESP"]
[SourceTitle "CBM 192 Extra"]
[Source "Chessbase"]
[SourceDate "2019.11.06"]
[SourceVersion "1"]
[SourceVersionDate "2019.11.06"]
[SourceQuality "1"]

1. d4 Nf6 2. c4 g6 3. Nc3 Bg7 4. e4 d6 5. Nf3 0-0 6. Be2 e5 7. d5 a5 8. Bg5 h6 9. Bh4 Na6 10. Nd2 Nc5 11. 0-0 g5 12. Bg3 Bd7 13. b3 Qe7 14. a3 Nh7 15. f3 f5 16. Bf2 Nf6 17. b4 axb4 18. axb4 Na6 19. Qb3 fxe4 20. Ndxe4 Kh8 21. c5 Bf5 22. c6 bxc6 23. Bxa6 cxd5 24. Nxf6 Qxf6 25. Nxd5 Qd8 26. Qc3 Rf7 27. Bc4 Be6 28. Rxa8 Qxa8 29. Ra1 Qb8 30. b5 Qc8 31. b6 c6 32. Nc7 d5 33. Ra8 1-0

[Event "Helsingor Xtracon op"]
[Site "Helsingor"]
[Date "2019.07.27"]
[Round "9"]
[White "Wahlgreen, Noah Krug"]
[Black "Rosell, Sven"]
[Result "0-1"]
[WhiteElo "1743"]
[BlackElo "1913"]
[PlyCount "116"]
[EventDate "2019.07.20"]
[EventType "swiss"]
[EventRounds "10"]
[EventCountry "DEN"]
[SourceTitle "CBM 191 Extra"]
[Source "ChessBase"]
[SourceDate "2019.09.30"]
[SourceVersion "1"]
[SourceVersionDate "2019.09.30"]
[SourceQuality "1"]

1. e4 c6 2. d4 d5 3. exd5 cxd5 4. Bd3 Nc6 5. c3 g6 6. Bf4 Bg7 7. Nf3 Bg4 8. h3 Bxf3 9. Qxf3 Qd7 10. 0-0 Nh6 11. Re1 0-0 12. Nd2 f6 13. Qe3 Nf7 14. Nb3 e5 15. Bh2 b6 16. a4 Rfe8 17. Qd2 Bh6 18. Qd1 e4 19. Bf1 f5 20. Be2 Ng5 21. a5 Ne6 22. Kh1 f4 23. Bg4 Qf7 24. Qe2 Nc7 25. Ra2 Bf8 26. Qd2 h5 27. Qxf4 hxg4 28. Qxf7+ Kxf7 29. Bxc7 gxh3 30. gxh3 b5 31. Bf4 Be7 32. Kg2 Rh8 33. Nd2 Bh4 34. Bg3 Bg5 35. Re2 Rh5 36. Ra1 Rah8 37. f3 Bxd2 38. Rxd2 exf3+ 39. Kxf3 Rxh3 40. Kg2 Ne7 41. Re2 Nf5 42. Bf4 R3h4 43. Rf1 Rg4+ 44. Kf3 Rgh4 45. Re5 Kf6 46. Rxd5 Ke6 47. Re5+ Kf6 48. Ke2 Rh3 49. Kd2 g5 50. Be3 g4 51. Rxb5 Kg6 52. Re5 Rh2+ 53. Rf2 g3 54. Re2 Rxe2+ 55. Kxe2 Rh2+ 56. Kf1 Rxb2 57. Bg1 Nh4 58. Re1 g2# 0-1

[Event "Helsingor Xtracon op"]
[Site "Helsingor"]
[Date "2019.07.26"]
[Round "8"]
[White "Rosell, Sven"]
[Black "Guindy, Esmat Susanne"]
[Result "0-1"]
[WhiteElo "1913"]
[BlackElo "2132"]
[PlyCount "70"]
[EventDate "2019.07.20"]
[EventType "swiss"]
[EventRounds "10"]
[EventCountry "DEN"]
[SourceTitle "CBM 191 Extra"]
[Source "ChessBase"]
[SourceDate "2019.09.30"]
[SourceVersion "1"]
[SourceVersionDate "2019.09.30"]
[SourceQuality "1"]

1. c4 e6 2. Nf3 d5 3. g3 Nf6 4. Bg2 Be7 5. 0-0 0-0 6. b3 b6 7. Bb2 Bb7 8. e3 c5 9. Nc3 Nbd7 10. cxd5 Nxd5 11. Nxd5 Bxd5 12. d4 Bf6 13. Qe2 Be4 14. Rfd1 Qc7 15. Rac1 Qb7 16. Ne1 Bxg2 17. Nxg2 Rfd8 18. Ne1 Rac8 19. Nc2 e5 20. dxe5 Nxe5 21. Ne1 Qe7 22. Bxe5 Bxe5 23. Nd3 Bf6 24. Nf4 Qb7 25. Nh5 Be7 26. Qb2 Bf8 27. Qe2 b5 28. Qg4 Qc6 29. h4 Rxd1+ 30. Rxd1 c4 31. bxc4 bxc4 32. Qd4 c3 33. Rc1 c2 34. Qd2 Qc3 35. Qd4 Qxd4 0-1

[Event "Helsingor Xtracon op"]
[Site "Helsingor"]
[Date "2019.07.22"]
[Round "4"]
[White "Rosell, Sven"]
[Black "Andersen, Morten"]
[Result "0-1"]
[WhiteElo "1913"]
[BlackElo "2212"]
[PlyCount "78"]
[EventDate "2019.07.20"]
[EventType "swiss"]
[EventRounds "10"]
[EventCountry "DEN"]
[SourceTitle "CBM 191 Extra"]
[Source "ChessBase"]
[SourceDate "2019.09.30"]
[SourceVersion "1"]
[SourceVersionDate "2019.09.30"]
[SourceQuality "1"]

1. c4 e5 2. Nc3 Bb4 3. Qb3 a5 4. e3 Nf6 5. Nge2 0-0 6. a3 Bxc3 7. Nxc3 c6 8. Be2 d5 9. cxd5 cxd5 10. d4 Re8 11. 0-0 Nc6 12. dxe5 Nxe5 13. Bd2 Be6 14. Qa4 Nc4 15. Bxc4 dxc4 16. Rad1 Qc7 17. f3 Bd7 18. Qc2 b5 19. Ne2 Qc5 20. Kh1 b4 21. e4 Bb5 22. a4 b3 23. Qc1 Bxa4 24. Be3 Qb4 25. Bd2 Qb8 26. Bc3 Ra6 27. Ng3 Bb5 28. Nf5 h6 29. e5 Rxe5 30. Qf4 Re8 31. Nd6 Re6 32. Be5 Qb6 33. Nf5 Nh5 34. Qg4 Rxe5 35. Qxh5 Qf6 36. g4 a4 37. Nd4 Rxh5 38. gxh5 Bc6 39. Rc1 Qxd4 0-1

[Event "Helsingor Xtracon op"]
[Site "Helsingor"]
[Date "2018.07.28"]
[Round "9"]
[White "Rosell, Sven"]
[Black "Ingvason, Johann"]
[Result "0-1"]
[WhiteElo "1983"]
[BlackElo "2189"]
[PlyCount "118"]
[EventDate "2018.07.21"]
[EventType "swiss"]
[EventRounds "10"]
[EventCountry "DEN"]
[SourceTitle "CBM 185 Extra"]
[Source "ChessBase"]
[SourceDate "2018.07.29"]
[SourceVersion "1"]
[SourceVersionDate "2018.07.29"]
[SourceQuality "1"]

1. c4 e5 2. Nc3 Nf6 3. Nf3 Nc6 4. d4 exd4 5. Nxd4 Nxd4 6. Qxd4 Be7 7. e4 d6 8. Be2 0-0 9. 0-0 Nd7 10. Nd5 Bf6 11. Nxf6+ Qxf6 12. Qxf6 Nxf6 13. f3 a5 14. Bd2 Be6 15. Bc3 Nd7 16. Rac1 f6 17. Bd4 b6 18. Rfd1 Rfe8 19. f4 Bf5 20. Bh5 Bg6 21. Bg4 Nf8 22. f5 Bf7 23. Bf3 Rab8 24. b3 Nd7 25. Rd2 Kf8 26. Kf2 Re7 27. g4 Nc5 28. Re1 Rbe8 29. Bxc5 bxc5 30. Kg3 Rb8 31. Bd1 a4 32. Bc2 Ree8 33. Rb1 Rb6 34. Bd3 Reb8 35. Rdb2 c6 36. Kf4 d5 37. exd5 cxd5 38. cxd5 Bxd5 39. Rc2 Rb4+ 40. Kg3 axb3 41. Rxc5 bxa2 42. Rbc1 Rd4 43. Bb5 Ra8 44. Ra1 h6 45. Kh4 Bf7 46. Rc7 h5 47. h3 hxg4 48. hxg4 Rd2 49. Rc3 Rb8 50. Bd3 Rd8 51. Be4 Rd1 52. Rcc1 Bb3 53. Bf3 Rxc1 54. Rxc1 Rd3 55. Be2 Rd2 56. Bf3 Rc2 57. Ra1 Rc3 58. Be4 Re3 59. Bc6 Rd3 0-1

[Event "Helsingor Xtracon op"]
[Site "Helsingor"]
[Date "2018.07.27"]
[Round "8"]
[White "Kreken, Eivind Grunt"]
[Black "Rosell, Sven"]
[Result "0-1"]
[WhiteElo "1626"]
[BlackElo "1983"]
[PlyCount "68"]
[EventDate "2018.07.21"]
[EventType "swiss"]
[EventRounds "10"]
[EventCountry "DEN"]
[SourceTitle "CBM 185 Extra"]
[Source "ChessBase"]
[SourceDate "2018.07.29"]
[SourceVersion "1"]
[SourceVersionDate "2018.07.29"]
[SourceQuality "1"]

1. e4 c5 2. Nc3 Nc6 3. Nge2 g6 4. g3 Bg7 5. Bg2 d6 6. 0-0 Nf6 7. d3 0-0 8. h3 Rb8 9. f4 Nd4 10. Be3 e5 11. g4 b5 12. f5 b4 13. g5 bxc3 14. gxf6 Qxf6 15. Nxc3 Qh4 16. f6 Bxf6 17. Bf2 Qg5 18. h4 Qh6 19. Bxd4 cxd4 20. Rxf6 dxc3 21. bxc3 Qxh4 22. Rxd6 Bg4 23. Qd2 Rb2 24. c4 Rfb8 25. Qc1 Qg3 26. Kh1 Bh3 27. Bxh3 Qxh3+ 28. Kg1 Qg3+ 29. Kh1 Kg7 30. c5 Qf2 31. Qg1 Qh4+ 32. Kg2 Rxc2+ 33. Kf1 Qf4+ 34. Ke1 Qd2+ 0-1

[Event "Helsingor Xtracon op"]
[Site "Helsingor"]
[Date "2018.07.25"]
[Round "6"]
[White "Schouten, Mathias Lind"]
[Black "Rosell, Sven"]
[Result "1/2-1/2"]
[WhiteElo "1784"]
[BlackElo "1983"]
[PlyCount "73"]
[EventDate "2018.07.21"]
[EventType "swiss"]
[EventRounds "10"]
[EventCountry "DEN"]
[SourceTitle "CBM 185 Extra"]
[Source "ChessBase"]
[SourceDate "2018.07.29"]
[SourceVersion "1"]
[SourceVersionDate "2018.07.29"]
[SourceQuality "1"]

1. e4 c6 2. d4 d5 3. exd5 cxd5 4. Bf4 Nc6 5. c3 Nf6 6. Nf3 Bg4 7. Qb3 Qd7 8. Ne5 Qc8 9. Nxg4 Nxg4 10. Qxd5 Nf6 11. Qf3 g6 12. Bb5 Bg7 13. d5 0-0 14. dxc6 Qe6+ 15. Qe2 Qxe2+ 16. Kxe2 bxc6 17. Bxc6 Rac8 18. Ba4 Rc4 19. Be3 Rxa4 20. b3 Ra5 21. a4 Nd5 22. Bd2 Ra6 23. Ra3 Re6+ 24. Kd1 Rd8 25. b4 Rf6 26. Ke2 Re6+ 27. Kd1 Nf4 28. g3 Nd3 29. Rf1 Nb2+ 30. Kc1 Nc4 31. Ra2 Re2 32. Rc2 Ne5 33. Be3 Nd3+ 34. Kd1 Nxb4+ 35. Kxe2 Nxc2 36. Bd2 Na1 37. Be3 1/2-1/2

[Event "Helsingor Xtracon op"]
[Site "Helsingor"]
[Date "2018.07.23"]
[Round "4"]
[White "Hill, Alistair"]
[Black "Rosell, Sven"]
[Result "1/2-1/2"]
[WhiteElo "2192"]
[BlackElo "1983"]
[PlyCount "108"]
[EventDate "2018.07.21"]
[EventType "swiss"]
[EventRounds "10"]
[EventCountry "DEN"]
[SourceTitle "CBM 185 Extra"]
[Source "ChessBase"]
[SourceDate "2018.07.29"]
[SourceVersion "1"]
[SourceVersionDate "2018.07.29"]
[SourceQuality "1"]

1. e4 c6 2. d4 d5 3. Nc3 dxe4 4. Nxe4 Nf6 5. Nxf6+ gxf6 6. c3 Bf5 7. Nf3 Nd7 8. g3 Nb6 9. Bg2 Qd7 10. 0-0 Bh3 11. Bxh3 Qxh3 12. a4 Qf5 13. a5 Nd5 14. Re1 0-0-0 15. Nh4 Qd7 16. Qb3 e6 17. Bd2 Bd6 18. c4 Nc7 19. Rad1 Rhg8 20. Qf3 f5 21. Qh5 f4 22. Nf3 fxg3 23. hxg3 f6 24. Re4 Qg7 25. Bh6 Qg6 26. Qxg6 Rxg6 27. Bf4 f5 28. Bxd6 fxe4 29. Bxc7 Kxc7 30. Ne5 Rg7 31. b4 h5 32. Kh2 Rf8 33. Rd2 Rd8 34. Kh3 Rgg8 35. Kh4 Rgf8 36. Ng6 Rf5 37. Nf4 Rf6 38. Nxh5 Rh8 39. Re2 Rf3 40. Rxe4 Rxf2 41. g4 Rb2 42. Rxe6 Rxb4 43. Kg5 Rxc4 44. Re7+ Kd6 45. Rxb7 Rxd4 46. Nf6 Ra4 47. Rxa7 c5 48. Kf5 c4 49. Ne4+ Kc6 50. Ra6+ Kb5 51. Ra7 Rxa5 52. Nd6+ Kb6+ 53. Rxa5 Kxa5 54. Nxc4+ Kb5 1/2-1/2

[Event "Helsingor Xtracon op"]
[Site "Helsingor"]
[Date "2017.07.30"]
[Round "10"]
[White "Rosell, Sven"]
[Black "Kvamme, John Agnar"]
[Result "1/2-1/2"]
[WhiteElo "1930"]
[BlackElo "2116"]
[PlyCount "42"]
[EventDate "2017.07.22"]
[EventType "swiss"]
[EventRounds "10"]
[EventCountry "DEN"]
[SourceTitle "CBM 179 Extra"]
[Source "ChessBase"]
[SourceDate "2017.08.23"]
[SourceVersion "1"]
[SourceVersionDate "2017.08.23"]
[SourceQuality "1"]

1. c4 g6 2. Nc3 Bg7 3. d4 Nf6 4. e4 d6 5. h3 0-0 6. Be3 c5 7. d5 b5 8. cxb5 a6 9. a4 Qa5 10. Bd2 Nbd7 11. Nf3 Qb4 12. Bd3 c4 13. Bc2 Nc5 14. Na2 Qxb2 15. Bc3 Qa3 16. Nd2 Nd3+ 17. Bxd3 cxd3 18. Bb4 Qb2 19. Bc3 Qa3 20. Bb4 Qb2 21. Bc3 Qa3 1/2-1/2

[Event "Helsingor Xtracon op"]
[Site "Helsingor"]
[Date "2016.07.31"]
[Round "10"]
[White "Christensen, Lasse"]
[Black "Rosell, Sven"]
[Result "1/2-1/2"]
[WhiteElo "2162"]
[BlackElo "1996"]
[PlyCount "29"]
[EventDate "2016.07.23"]
[EventType "swiss"]
[EventRounds "10"]
[EventCountry "DEN"]
[SourceTitle "CBM 173 Extra"]
[Source "ChessBase"]
[SourceDate "2016.08.29"]
[SourceVersion "1"]
[SourceVersionDate "2016.08.29"]
[SourceQuality "1"]

1. c4 Nf6 2. Nc3 g6 3. g3 Bg7 4. Bg2 d6 5. e4 0-0 6. Nge2 e5 7. 0-0 Nbd7 8. d4 c6 9. h3 Qe7 10. Be3 a6 11. a4 b6 12. Qd2 Bb7 13. Rad1 Rfd8 14. d5 cxd5 15. cxd5 1/2-1/2

[Event "Helsingor Xtracon op"]
[Site "Helsingor"]
[Date "2016.07.28"]
[Round "7"]
[White "Rosell, Sven"]
[Black "Eriksson, Christian Altenburg"]
[Result "1-0"]
[WhiteElo "1996"]
[BlackElo "2176"]
[PlyCount "131"]
[EventDate "2016.07.23"]
[EventType "swiss"]
[EventRounds "10"]
[EventCountry "DEN"]
[SourceTitle "CBM 173 Extra"]
[Source "ChessBase"]
[SourceDate "2016.08.29"]
[SourceVersion "1"]
[SourceVersionDate "2016.08.29"]
[SourceQuality "1"]

1. c4 c5 2. Nf3 Nc6 3. g3 g6 4. Bg2 Bg7 5. Nc3 e6 6. 0-0 Nge7 7. e3 0-0 8. Rb1 d5 9. d3 b6 10. a3 Bb7 11. Qc2 Qd7 12. b3 Rad8 13. Rd1 d4 14. Ne2 e5 15. exd4 cxd4 16. b4 f5 17. b5 Nb8 18. a4 Rc8 19. Qb3 Kh8 20. Ba3 Rc7 21. Re1 Bf6 22. Rbd1 Re8 23. Bc1 Kg7 24. Bg5 Ng8 25. Bxf6+ Nxf6 26. Nc1 Qd6 27. Na2 Nbd7 28. Nb4 Nc5 29. Qc2 Rce7 30. Nc6 Bxc6 31. bxc6 e4 32. dxe4 d3 33. Qc3 fxe4 34. Nd4 Nxa4 35. Qa1 Nc5 36. Bh3 Rd8 37. c7 Rxc7 38. Nb5 Qe7 39. Nxc7 Qxc7 40. Bg2 Re8 41. Re3 Kf7 42. h3 a5 43. Kh2 h5 44. Qb2 h4 45. Kg1 Re6 46. g4 Qd8 47. f3 exf3 48. Rxf3 Re2 49. Qa1 g5 50. Rxf6+ Qxf6 51. Rf1 Qxf1+ 52. Qxf1+ Ke7 53. Bd5 a4 54. Qf7+ Kd8 55. Qf6+ Kc7 56. Qc6+ Kd8 57. Qxb6+ Ke8 58. Qxc5 d2 59. Bc6+ Kf7 60. Qf5+ Ke7 61. Qh7+ Kf6 62. Qf5+ Ke7 63. Qxg5+ Kf7 64. Bd5+ Kf8 65. Qf6+ Ke8 66. Bc6# 1-0

[Event "Helsingor Xtracon op"]
[Site "Helsingor"]
[Date "2016.07.25"]
[Round "4"]
[White "Rosell, Sven"]
[Black "Nielsen, Palle"]
[Result "1-0"]
[WhiteElo "1996"]
[BlackElo "1778"]
[PlyCount "105"]
[EventDate "2016.07.23"]
[EventType "swiss"]
[EventRounds "10"]
[EventCountry "DEN"]
[SourceTitle "CBM 173 Extra"]
[Source "ChessBase"]
[SourceDate "2016.08.29"]
[SourceVersion "1"]
[SourceVersionDate "2016.08.29"]
[SourceQuality "1"]

1. c4 g6 2. Nf3 Bg7 3. Nc3 b6 4. g3 Bb7 5. Bg2 Nc6 6. 0-0 e5 7. d3 d6 8. Bg5 f6 9. Bd2 Nge7 10. Rb1 Qd7 11. b4 h5 12. b5 Nd8 13. e4 Ne6 14. Nd5 g5 15. h4 g4 16. Ne1 0-0 17. Nc2 c5 18. bxc6 Nxc6 19. Be3 Rac8 20. Qe2 Kh7 21. Rfd1 Qf7 22. Rbc1 Ncd4 23. Nxd4 Nxd4 24. Bxd4 exd4 25. Qb2 Qe6 26. Qa3 Bxd5 27. cxd5 Qd7 28. Qb4 Rc5 29. Rxc5 dxc5 30. Qc4 Rb8 31. Rb1 Bf8 32. a4 Bd6 33. Qa6 Kg7 34. Re1 Kf7 35. Bf1 Ke7 36. Qc4 b5 37. axb5 Qxb5 38. Qa2 a5 39. Ra1 Ra8 40. Rb1 Qa6 41. Qa4 Qc8 42. Rb6 Qd7 43. Rc6 Qb7 44. Qc2 Qb4 45. Qc1 Rh8 46. Ra6 Bc7 47. Re6+ Kf7 48. Ra6 Bb6 49. Qf4 Bd8 50. Qf5 Qb7 51. Rd6 Be7 52. Rd7 Qb6 53. d6 1-0

[Event "Helsingor Xtracon op"]
[Site "Helsingor"]
[Date "2016.07.24"]
[Round "2"]
[White "Rosell, Sven"]
[Black "Merkesvik, Sondre"]
[Result "1/2-1/2"]
[WhiteElo "1996"]
[BlackElo "2263"]
[PlyCount "98"]
[EventDate "2016.07.23"]
[EventType "swiss"]
[EventRounds "10"]
[EventCountry "DEN"]
[SourceTitle "CBM 173 Extra"]
[Source "ChessBase"]
[SourceDate "2016.08.29"]
[SourceVersion "1"]
[SourceVersionDate "2016.08.29"]
[SourceQuality "1"]

1. c4 Nf6 2. Nc3 d5 3. cxd5 Nxd5 4. g3 g6 5. Bg2 Nxc3 6. bxc3 Bg7 7. h4 h5 8. Nh3 0-0 9. Qb3 Nd7 10. Ba3 c5 11. Nf4 e6 12. 0-0 Qa5 13. Rab1 Re8 14. Bb2 Nb6 15. Qa3 Qb5 16. Ba1 Qd7 17. Rxb6 axb6 18. Qxa8 Qxd2 19. Qa4 Rd8 20. Bf3 Bd7 21. Qb3 Bc6 22. Bxc6 bxc6 23. Qxb6 c4 24. Qb2 Qd6 25. Qc2 e5 26. Ng2 f5 27. Bb2 Ra8 28. Bc1 Ra5 29. Ne3 Qe6 30. Qd2 Kh7 31. Rd1 f4 32. Ng2 fxg3 33. fxg3 Qh3 34. Qg5 Rxa2 35. Rd6 Qf5 36. Qxf5 gxf5 37. Kf2 Rc2 38. Bd2 Bf8 39. Rd7+ Kg6 40. Ne1 Bc5+ 41. Kg2 Ra2 42. Nf3 Kf6 43. Ng5 e4 44. Kf1 Ra1+ 45. Be1 Be3 46. Rf7+ Kg6 47. Rd7 Kf6 48. Rf7+ Kg6 49. Rd7 Kf6 1/2-1/2

[Event "Politiken Cup 37th"]
[Site "Helsingor"]
[Date "2015.07.29"]
[Round "6"]
[White "Rosell, Sven"]
[Black "Larsen, Arne Walther"]
[Result "1/2-1/2"]
[WhiteElo "1995"]
[BlackElo "1824"]
[PlyCount "144"]
[EventDate "2015.07.25"]
[EventType "swiss"]
[EventRounds "10"]
[EventCountry "DEN"]
[SourceTitle "CBM 167 Extra"]
[Source "ChessBase"]
[SourceDate "2015.09.14"]
[SourceVersion "1"]
[SourceVersionDate "2015.09.14"]
[SourceQuality "1"]

1. c4 Nf6 2. Nc3 g6 3. g3 Bg7 4. Bg2 0-0 5. Nf3 d6 6. 0-0 Nc6 7. d3 e5 8. Rb1 Rb8 9. b4 h6 10. b5 Ne7 11. Be3 b6 12. h3 Bb7 13. Qc1 Kh7 14. a4 c5 15. bxc6 Bxc6 16. Qa3 Nf5 17. Bd2 Nd7 18. Ng5+ hxg5 19. Bxc6 Nc5 20. Bg2 Nd4 21. e3 Nde6 22. Nd5 f5 23. a5 f4 24. Rfe1 f3 25. Bf1 g4 26. axb6 axb6 27. e4 gxh3 28. Kh2 Nd4 29. Qa7 Ne2 30. Bxh3 Nxd3 31. Rf1 Nc5 32. Rxb6 Rxb6 33. Qxb6 Qxb6 34. Nxb6 Nxe4 35. Be3 Bh6 36. Bxh6 Kxh6 37. Nd5 Nd2 38. Ra1 Nxc4 39. Ra4 Nd2 40. Ne3 Nd4 41. Ng4+ Kg7 42. Ra6 Ne4 43. Ra7+ Rf7 44. Ra3 Rc7 45. Re3 Nf6 46. Nxf6 Kxf6 47. Bg4 Rc2 48. Kg1 Rc1+ 49. Kh2 Rf1 50. Bh3 Rxf2+ 51. Kg1 Re2 52. Rd3 Rb2 53. Bf1 Kg5 54. Bh3 Ne2+ 55. Kf1 Nxg3+ 56. Ke1 Ne4 57. Rxf3 d5 58. Be6 d4 59. Bf7 Rg2 60. Ra3 Kf4 61. Bd5 Rg1+ 62. Ke2 g5 63. Rf3+ Kg4 64. Bxe4 Rg3 65. Bf5+ Kh4 66. Rf1 Re3+ 67. Kd2 g4 68. Rh1+ Kg5 69. Bd7 Kf4 70. Rh4 Rg3 71. Rh5 Rg2+ 72. Kd3 Rg3+ 1/2-1/2

[Event "Politiken Cup 37th"]
[Site "Helsingor"]
[Date "2015.07.28"]
[Round "5"]
[White "Andersen, Morten"]
[Black "Rosell, Sven"]
[Result "1-0"]
[WhiteElo "2174"]
[BlackElo "1995"]
[PlyCount "47"]
[EventDate "2015.07.25"]
[EventType "swiss"]
[EventRounds "10"]
[EventCountry "DEN"]
[SourceTitle "CBM 167 Extra"]
[Source "ChessBase"]
[SourceDate "2015.09.14"]
[SourceVersion "1"]
[SourceVersionDate "2015.09.14"]
[SourceQuality "1"]

1. c4 Nf6 2. g3 g6 3. Bg2 Bg7 4. Nc3 0-0 5. e4 d6 6. Nge2 e5 7. 0-0 Nbd7 8. h3 c6 9. d4 Qe7 10. Be3 a6 11. a4 exd4 12. Bxd4 a5 13. Qc2 Nc5 14. Rae1 Be6 15. b3 Na6 16. f4 Nb4 17. Qb1 Qc7 18. f5 Bd7 19. g4 gxf5 20. exf5 c5 21. Bxf6 Bxf6 22. Ne4 Be5 23. f6 Kh8 24. Ng5 1-0

[Event "Politiken Cup 37th"]
[Site "Helsingor"]
[Date "2015.07.26"]
[Round "3"]
[White "Agovic, Seifo"]
[Black "Rosell, Sven"]
[Result "1/2-1/2"]
[WhiteElo "1699"]
[BlackElo "1995"]
[PlyCount "189"]
[EventDate "2015.07.25"]
[EventType "swiss"]
[EventRounds "10"]
[EventCountry "DEN"]
[SourceTitle "CBM 167 Extra"]
[Source "ChessBase"]
[SourceDate "2015.09.14"]
[SourceVersion "1"]
[SourceVersionDate "2015.09.14"]
[SourceQuality "1"]

1. e4 c6 2. d4 d5 3. Nc3 dxe4 4. Nxe4 Nf6 5. Ng3 h5 6. h4 Bg4 7. Be2 Bxe2 8. N1xe2 e6 9. Bg5 Qb6 10. a4 Bd6 11. 0-0 Nbd7 12. a5 Qc7 13. Qd2 0-0-0 14. c4 Nf8 15. Qc2 N8h7 16. c5 Bxg3 17. fxg3 Nxg5 18. hxg5 Ng4 19. Qe4 a6 20. Rf3 Rd7 21. b4 Qd8 22. b5 cxb5 23. c6 Rc7 24. cxb7+ Kb8 25. Rc1 Rxc1+ 26. Nxc1 Qc7 27. Nb3 Qxb7 28. Qxb7+ Kxb7 29. Rxf7+ Kc6 30. Kf1 Ne3+ 31. Ke2 Nf5 32. Ra7 Kd5 33. Kd3 Rc8 34. Rd7+ Kc6 35. Nc5 e5 36. Rf7 Nxd4 37. Nxa6 Ne6 38. Rf5 Ra8 39. Nb4+ Kd6 40. a6 Nc5+ 41. Ke3 Nxa6 42. Nd3 Nc7 43. Rf7 Nd5+ 44. Kf2 Ra2+ 45. Kf3 Ra3 46. Ke2 Ra2+ 47. Kf3 g6 48. Rb7 Rd2 49. Nf2 Rb2 50. Ne4+ Kc6 51. Rg7 Rb3+ 52. Kf2 Rb2+ 53. Kf3 Rb3+ 54. Kf2 Ne3 55. Rxg6+ Kd5 56. Nd2 Ng4+ 57. Ke2 Rxg3 58. Rd6+ Kxd6 59. Ne4+ Ke6 60. Nxg3 h4 61. Ne4 b4 62. g6 Nh6 63. Kd3 Kf5 64. g7 Kg6 65. Kc4 Kxg7 66. Kxb4 Kg6 67. Kc4 Kf5 68. Kd5 Ng4 69. Nd6+ Kf4 70. Ke6 e4 71. Nf5 Kg5 72. Nd4 Nf2 73. Ke5 Kg4 74. Ne2 Kg5 75. Kd4 Kf5 76. Ke3 Ng4+ 77. Kd4 Ne5 78. Ke3 Nc4+ 79. Kd4 Nd6 80. Ke3 Nf7 81. Nd4+ Ke5 82. Nc6+ Kf5 83. Nd4+ Ke5 84. Nc6+ Kd5 85. Ne7+ Ke6 86. Ng6 Kf6 87. Nxh4 Kg5 88. g3 Nd6 89. Ng2 Kg4 90. Kf2 Nf7 91. Ne3+ Kg5 92. Nc4 Kg4 93. Ke3 Ng5 94. Nd2 Kf5 95. g4+ 1/2-1/2

[Event "Politiken Cup 36th"]
[Site "Helsingor"]
[Date "2014.07.26"]
[Round "7"]
[White "Rosell, Sven"]
[Black "Nordenbaek, Jan"]
[Result "0-1"]
[WhiteElo "1985"]
[BlackElo "2228"]
[PlyCount "108"]
[EventDate "2014.07.21"]
[EventType "swiss"]
[EventRounds "10"]
[EventCountry "DEN"]
[SourceTitle "CBM 161 Extra"]
[Source "ChessBase"]
[SourceDate "2014.08.29"]
[SourceVersion "1"]
[SourceVersionDate "2014.08.29"]
[SourceQuality "1"]

1. c4 c6 2. Nf3 d5 3. b3 Nf6 4. Bb2 Bf5 5. g3 e6 6. Bg2 h6 7. 0-0 Nbd7 8. d3 Be7 9. Nbd2 Bh7 10. Qc2 0-0 11. a3 Re8 12. b4 Bf8 13. Rac1 a5 14. Bc3 e5 15. Qb3 e4 16. dxe4 dxe4 17. Nd4 e3 18. fxe3 Rxe3 19. c5 Nxc5 20. bxc5 Bxc5 21. N2f3 Rxf3 22. Bxf3 Bxd4+ 23. Kg2 Bxc3 24. Rxc3 Qc7 25. Rd1 Re8 26. Re3 Rxe3 27. Qxe3 Bf5 28. Qc5 Be6 29. Qa7 Bd5 30. Rb1 Qe5 31. Bxd5 Qxd5+ 32. Kg1 Ne4 33. Qb8+ Kh7 34. Qf4 b5 35. Rf1 Nd6 36. Qc1 Nc4 37. Qc2+ g6 38. Rf3 Ne5 39. Rf4 c5 40. Qb2 b4 41. axb4 axb4 42. Rf1 b3 43. Re1 h5 44. Ra1 c4 45. Rf1 Kg8 46. Rf4 Qc5+ 47. Kg2 Qc6+ 48. Kg1 c3 49. Qxb3 c2 50. Qb8+ Kh7 51. Rf1 c1Q 52. Rxc1 Qxc1+ 53. Kg2 Qe3 54. Qb5 Ng4 0-1

[Event "Politiken Cup 36th"]
[Site "Helsingor"]
[Date "2014.07.21"]
[Round "1"]
[White "Rosell, Sven"]
[Black "Cornette, Matthieu"]
[Result "0-1"]
[WhiteElo "1985"]
[BlackElo "2532"]
[PlyCount "46"]
[EventDate "2014.07.21"]
[EventType "swiss"]
[EventRounds "10"]
[EventCountry "DEN"]
[SourceTitle "CBM 161 Extra"]
[Source "ChessBase"]
[SourceDate "2014.08.29"]
[SourceVersion "1"]
[SourceVersionDate "2014.08.29"]
[SourceQuality "1"]

1. c4 b6 2. Nc3 Bb7 3. e4 e6 4. Nf3 Bb4 5. d3 Ne7 6. Be2 f5 7. Qc2 0-0 8. e5 Ng6 9. Bg5 Be7 10. Bd2 c5 11. Nb5 Nc6 12. Bc3 Qb8 13. 0-0 a6 14. Na3 Ncxe5 15. Nxe5 Nxe5 16. Qd2 Ng6 17. f4 b5 18. cxb5 axb5 19. Nxb5 Bxg2 20. Kxg2 Qxb5 21. Qe3 Bd6 22. Qg3 Ra4 23. d4 Qxe2+ 0-1

[Event "Politiken Cup 35th"]
[Site "Helsingor"]
[Date "2013.08.01"]
[Round "7"]
[White "Mihajlov, Sebastian"]
[Black "Rosell, Sven"]
[Result "1/2-1/2"]
[WhiteElo "2138"]
[BlackElo "1973"]
[PlyCount "76"]
[EventDate "2013.07.27"]
[EventType "swiss"]
[EventRounds "10"]
[EventCountry "DEN"]
[SourceTitle "CBM 155 Extra"]
[Source "ChessBase"]
[SourceDate "2013.08.26"]
[SourceVersion "1"]
[SourceVersionDate "2013.08.26"]
[SourceQuality "1"]

1. d4 Nf6 2. c4 g6 3. Nc3 Bg7 4. e4 d6 5. Nf3 0-0 6. h3 e5 7. d5 a5 8. g4 Na6 9. Be3 Nc5 10. Nd2 Nfd7 11. h4 f5 12. gxf5 gxf5 13. exf5 Nf6 14. Bxc5 dxc5 15. Bh3 Qe8 16. Qf3 a4 17. a3 Bd7 18. 0-0-0 b5 19. cxb5 Bxb5 20. Rhg1 Kh8 21. Qe3 Bd7 22. Qxc5 Rb8 23. Qe3 Qe7 24. Rg2 Rg8 25. Nf3 e4 26. Ng5 Rb3 27. Qc5 Qe8 28. Rdg1 h6 29. Ne6 Bxe6 30. dxe6 Qd8 31. Rd1 Qb8 32. Rd2 Kh7 33. Qe7 c6 34. Rd8 Qf4+ 35. Kb1 Nh5 36. Rxg8 Rxb2+ 37. Kxb2 Qd2+ 38. Kb1 Qe1+ 1/2-1/2